Library Banner

Effective leadership : A practical guide to leading your tea. . . (Record no. 4325)

MARC details
000 -LEADER
fixed length control field 00503nam a2200193Ia 4500
001 - CONTROL NUMBER
control field 4099
003 - CONTROL NUMBER IDENTIFIER
control field PK-LaUMT
005 - DATE AND TIME OF LATEST TRANSACTION
control field 20221027112424.0
008 - FIXED-LENGTH DATA ELEMENTS--GENERAL INFORMATION
fixed length control field 140318s9999 xx 000 0 und d
020 ## - INTERNATIONAL STANDARD BOOK NUMBER
International Standard Book Number 0-563-36416-5
040 ## - CATALOGING SOURCE
Transcribing agency PK-LaUMT
082 ## - DEWEY DECIMAL CLASSIFICATION NUMBER
Classification number 658.409
Item number BIR-E
100 ## - MAIN ENTRY--PERSONAL NAME
Personal name Bird, Malcolm
245 ## - TITLE STATEMENT
Title Effective leadership : A practical guide to leading your tea. . .
Statement of responsibility, etc Bird, Malcolm
260 ## - PUBLICATION, DISTRIBUTION, ETC. (IMPRINT)
Place of publication, distribution, etc London,UK:
Name of publisher, distributor, etc BBC Books,
Date of publication, distribution, etc 1992
300 ## - PHYSICAL DESCRIPTION
Extent 161 p.
546 ## - LANGUAGE NOTE
Language note EN
942 ## - ADDED ENTRY ELEMENTS (KOHA)
Koha item type Stocktaking Record 2001
Source of classification or shelving scheme Dewey Decimal Classification
Holdings
Withdrawn status Lost status Damaged status Not for loan Home library Current library Date acquired Total Checkouts Full call number Barcode Date last seen Price effective from Koha item type
        UMT Main Campus UMT Main Campus 2014-03-18   658.409 BIR-E 4627 2014-03-18 2014-03-18 Books